| 000 | 00996nas a2200313 4500 | ||
|---|---|---|---|
| 001 | BR2011000296 | ||
| 003 | BR-BrBNA | ||
| 005 | 20231205114837.0 | ||
| 007 | ta | ||
| 008 | 230509b bl.|||p| |||| 00| 00por d | ||
| 040 |
_aBR-BrBNA _bpor _cBiblioteca Nacional de Agricultura |
||
| 041 | _a(Pt) | ||
| 072 | _aF40; P40 | ||
| 100 | 1 | _aAlberto, C.M. | |
| 100 | 1 | _aStreck, N.A. | |
| 100 | 1 | _aWalter, L.C. | |
| 100 | 1 | _aRosa, H.T. | |
| 100 | 1 | _aMenezes, N.L. de | |
| 100 | 1 | _aHeldwein, A.B. | |
| 245 | 1 | _aModelagem do desenvolvimento do trigo considerando diferentes temperaturas cardinais e métodos de cálculo da função de resposta à temperatura | |
| 650 | _aTRIGO | ||
| 650 | _aTRITICUM AESTIVUM | ||
| 650 | _aFENOLOGIA | ||
| 650 | _aVARIAÇÃO GÉNETICA | ||
| 650 | _aTEMPERATURA | ||
| 773 | 0 |
_tPesquisa Agropecuária Brasileira (Brazil) _xISSN 0100-204X _g(Jun 2009), v. 44(6) p. 545-553 _wBR2011000296 |
|
| 909 |
_a202311 _bLúcia _c55 _dLúcia Elande |
||
| 942 |
_2AGRIS _n0 _cANA |
||
| 999 |
_c210785 _d210785 |
||